Statistics for World Right- hand traffic

Click here to take the quiz!

General Stats

  • This quiz has been taken 6 times
  • The average score is 117 of 139

Answers on the Map

Answers color-coded by a green-red scale on the quiz's map according to % correct below.
 

Answer Stats

Answer% Correct
Argentina
100%
Belarus
100%
Bolivia
100%
Brazil
100%
Cambodia
100%
Canada
100%
Chile
100%
China
100%
Colombia
100%
Cuba
100%
Democratic Republic of the Congo
100%
Dominican Republic
100%
Ecuador
100%
Egypt
100%
El Salvador
100%
Finland
100%
France
100%
Germany
100%
Greece
100%
Haiti
100%
Honduras
100%
Iceland
100%
Israel
100%
Italy
100%
Kazakhstan
100%
Laos
100%
Madagascar
100%
Mexico
100%
Mongolia
100%
Netherlands
100%
Nicaragua
100%
North Korea
100%
Norway
100%
Panama
100%
Peru
100%
Portugal
100%
Republic of the Congo
100%
Russia
100%
South Korea
100%
Spain
100%
Sweden
100%
Switzerland
100%
Turkey
100%
Ukraine
100%
United States of America
100%
Venezuela
100%
Vietnam
100%
Yemen
100%
Afghanistan
80%
Albania
80%
Algeria
80%
Andorra
80%
Angola
80%
Armenia
80%
Austria
80%
Azerbaijan
80%
Bahrain
80%
Belgium
80%
Belize
80%
Bosnia and Herzegovina
80%
Bulgaria
80%
Burundi
80%
Cameroon
80%
Comoros
80%
Costa Rica
80%
Croatia
80%
Czech Republic
80%
Denmark
80%
Djibouti
80%
Equatorial Guinea
80%
Estonia
80%
Ethiopia
80%
Gambia
80%
Georgia
80%
Ghana
80%
Guatemala
80%
Hungary
80%
Iran
80%
Iraq
80%
Ivory Coast
80%
Jordan
80%
Kosovo
80%
Kuwait
80%
Kyrgyzstan
80%
Latvia
80%
Lebanon
80%
Liberia
80%
Libya
80%
Liechtenstein
80%
Lithuania
80%
Luxembourg
80%
Macedonia
80%
Mali
80%
Marshall Islands
80%
Micronesia
80%
Morocco
80%
Myanmar
80%
Niger
80%
Nigeria
80%
Oman
80%
Palau
80%
Paraguay
80%
Philippines
80%
Poland
80%
Qatar
80%
Romania
80%
Saudi Arabia
80%
Serbia
80%
Slovakia
80%
Somalia
80%
South Sudan
80%
Syria
80%
Taiwan
80%
Tajikistan
80%
Togo
80%
Tunisia
80%
Turkmenistan
80%
United Arab Emirates
80%
Uruguay
80%
Uzbekistan
80%
Vanuatu
80%
Vatican City
80%
Benin
60%
Cabo Verde
60%
Central African Republic
60%
Chad
60%
Eritrea
60%
Gabon
60%
Guinea
60%
Guinea-Bissau
60%
Mauritania
60%
Moldova
60%
Monaco
60%
Montenegro
60%
Rwanda
60%
San Marino
60%
São Tomé and Príncipe
60%
Senegal
60%
Sierra Leone
60%

Score Distribution

Percentile by Number Answered

Percent of People with Each Score

Your Score History

You have not taken this quiz